Quản trị tài chính doanh nghiệp

Zapisane w:
Opis bibliograficzny
1. autor: Nguyễn, Hải Sản
Format: Książka
Język:Undetermined
Wydane: Hà Nội Tài chính 2005
Hasła przedmiotowe:
Etykiety: Dodaj etykietę
Nie ma etykietki, Dołącz pierwszą etykiete!
Thư viện lưu trữ: Trung tâm Học liệu Trường Đại học Cần Thơ
LEADER 00530nam a2200193Ia 4500
001 CTU_94869
008 210402s9999 xx 000 0 und d
020 |c 90000 
082 |a 658.1511 
082 |b S105 
100 |a Nguyễn, Hải Sản 
245 0 |a Quản trị tài chính doanh nghiệp 
245 0 |c Nguyễn Hải Sản 
260 |a Hà Nội 
260 |b Tài chính 
260 |c 2005 
650 |a Managerial accounting 
904 |i Truc 
980 |a Trung tâm Học liệu Trường Đại học Cần Thơ